| 000 | 01548cam a2200397 i 4500 | ||
|---|---|---|---|
| 001 | chineseheritage00wuku | ||
| 003 | CaSfIA | ||
| 005 | 20210117223827.0 | ||
| 007 | cr|||| | ||
| 008 | 810109s1982 nyua b 001 0 eng | ||
| 010 | _a 80028846 | ||
| 040 |
_aDLC _cDLC _dOCLCQ _dBTCTA _dOCLCG _dCCV _dCaSfIA |
||
| 020 | _a051754475X | ||
| 020 | _a9780517544754 | ||
| 035 | _a(OCoLC)7197395 | ||
| 043 | _aa-cc--- | ||
| 050 | 0 | 0 |
_aDS741.65 _b.W8 1981 |
| 082 | 0 |
_a931 _219 |
|
| 100 | 1 |
_aWu, Kuo-Cheng, _d1903- |
|
| 245 | 1 | 4 |
_aThe Chinese heritage / _h[electronic resource] _cK.C. Wu. |
| 250 | _a1st ed. | ||
| 260 |
_aNew York : _bCrown, _cc1982. |
||
| 300 |
_axi, 496 p. : _bill. ; _c25 cm. |
||
| 504 | _aIncludes bibliographical references (p. 468-479) and index. | ||
| 651 | 0 |
_aChina _xCivilization _yTo 221 B.C. |
|
| 856 | 4 | 1 |
_uhttp://www.archive.org/details/chineseheritage00wuku _zFree eBook from the Internet Archive |
| 856 | 4 | 2 |
_uhttp://www.openlibrary.org/books/OL4113717M _zAdditional information and access via Open Library |
| 029 | 1 |
_aNLGGC _b810828871 |
|
| 029 | 1 |
_aNZ1 _b2577937 |
|
| 029 | 1 |
_aAU@ _b000001893137 |
|
| 029 | 1 |
_aAU@ _b000023933043 |
|
| 029 | 1 |
_aAU@ _b000021871784 |
|
| 942 | _cEB | ||
| 506 | _fНеобхідна авторизація на https://archive.org/ (створення облікового запису безкоштовно) | ||
| 506 | _fНеобхідна авторизація на https://openlibrary.org/ (створення облікового запису безкоштовно) | ||
| 999 |
_c480559 _d480559 |
||